College Quizbowl Stats
College Quizbowl Stats
Circuits
Seasons
Sets
Records
Detailed Stats
About
Loading...
2023 BHSU @ Northwestern
Tossups
Bonuses
Players
Teams
Categories (Tossup)
Categories (Bonus)
Sean Higgins
Michigan
Categories
Category
Powers
Gets
Negs
BBs
Points
Earliest Buzz
Avg. Buzz
First Buzzes
Top 3 Buzzes
History - Other History
1
0
0
0
15
31
31.00
1
1
History - World History
0
1
0
0
10
121
121.00
0
0
Other - Geo/CE
0
1
0
0
10
80
80.00
0
1
Other - Other Academic
0
1
0
0
10
96
96.00
0
1
Buzzes
Category
Answer
Value
Buzz Position
History - Other History
Battle of Tsushima Strait
15
31
Other - Geo/CE
deforestation in the Amazon
10
80
Other - Other Academic
garden asparagus
10
96
History - World History
Colorado Party
10
121
Previous
1
Next